Panorama de la Inserción Internacional de América Latina y el Caribe /
Guardado en:
| Autor Corporativo: | |
|---|---|
| Formato: | Libro |
| Lenguaje: | Spanish |
| Publicado: |
Chile:
CEPAL
|
| Materias: | |
| Etiquetas: |
Agregar Etiqueta
Sin Etiquetas, Sea el primero en etiquetar este registro!
|
MARC
| LEADER | 00000nam a22000007a 4500 | ||
|---|---|---|---|
| 003 | cru CIDCACS/IIS | ||
| 005 | 20230513062547.0 | ||
| 007 | ta | ||
| 008 | 171208s2016 cl |||p|r||||||0| ||spa d | ||
| 999 | |c 40722 |d 40722 | ||
| 022 | |a 9789211219340 | ||
| 040 | |c cru CIDCACS/IIS | ||
| 090 | |a REV1519 | ||
| 110 | 1 | |a Comisión Económica para América Latina y el Caribe (CEPAL) |9 637 | |
| 245 | 1 | |a Panorama de la Inserción Internacional de América Latina y el Caribe / |c CEPAL | |
| 260 | |a Chile: |b CEPAL | ||
| 310 | |a Anual | ||
| 500 | |a EXISTENCIAS : 1997 (1997) 1999 (1998) 2001 (1999-2000) 2002 (2000-2001) 2003 (2001-2002) | ||
| 500 | |a ISBN: 978-92-1-121934-0 | ||
| 650 | 1 | 0 | |9 304 |a COMERCIO EXTERIOR |
| 650 | 0 | |9 6227 |a LIBERALIZACION DEL INTERCAMBIO | |
| 650 | 1 | 0 | |9 95 |a EXPORTACIONES |
| 650 | 4 | |9 2642 |a INTEGRACION ECONOMICA | |
| 650 | 1 | 0 | |9 763 |a ZONAS DE LIBRE COMERCIO |
| 650 | 4 | |9 1843 |a IMPORTACIONES | |
| 650 | 4 | |9 3740 |a COOPERACION ECONOMICA | |
| 650 | 1 | 0 | |9 991 |a MCCA |
| 651 | 1 | 0 | |9 17 |a AMERICA LATINA |
| 942 | |2 ddc |c PP | ||
